| 000 | 00874nas a2200265 4500 | ||
|---|---|---|---|
| 001 | BR9203331 | ||
| 003 | BR-BrBNA | ||
| 005 | 20231205092630.0 | ||
| 007 | ta | ||
| 008 | 230509b bl.|||p| |||| 00| 00por d | ||
| 040 |
_aBR-BrBNA _bpor _cBiblioteca Nacional de Agricultura |
||
| 041 | _a(Pt) | ||
| 072 | _aL74 | ||
| 100 | 1 | _aCosta, F. de A.L. | |
| 100 | 1 | _aNascimento, E.F. do | |
| 245 | 1 | _aAlteracao morfologica em ovario e utero de coelhas adultas nao gestantes. 1. cistos para ovaricos, hipotrofia uterina e utero unicorno | |
| 650 | _aCOELHO | ||
| 650 | _aUTERO | ||
| 650 | _aAPARELHO REPRODUTOR | ||
| 650 | _aDISTURBIO ANIMAL | ||
| 650 | _aCISTO | ||
| 773 | 0 |
_tArquivo Brasileiro de Medicina Veterinaria e Zootecnia (Brazil) _xISSN 0102-0935 _g(Oct 1988), v. 40(5) p. 321-327 _wBR9203331 |
|
| 909 |
_a202311 _bLúcia _c55 _dLúcia Elande |
||
| 942 |
_2AGRIS _n0 _cANA |
||
| 999 |
_c133011 _d133011 |
||